| 000 | 00615nam a2200229 a 4500 | ||
|---|---|---|---|
| 005 | 20210219152832.0 | ||
| 008 | 991125n 000 0 eng u | ||
| 035 | _aUPN01000062733 | ||
| 100 | 1 | _aHertrich, Ingo | |
| 222 | 0 | _aBRAIN AND LANGUAGE | |
| 245 | 0 | 0 | _aAcoustic analysis of speech timing in huntington's disease |
| 260 | _aEUA | ||
| 300 | _a182-196 | ||
| 362 | 0 | _a1994 Vol. 47, no. 2, aug. | |
| 653 | 0 | _aENFERMEDAD DE HUNTINGTON | |
| 653 | 0 | _aGANGLIA BASAL | |
| 653 | 0 | _aPROBLEMAS DE LENGUAJE | |
| 700 | 1 | _aAckermann, Hermann, | |
| 700 | 1 | _ecoaut. | |
| 904 |
_aAC _b000544 |
||
| 905 | _aArticulo | ||
| 999 |
_c61842 _d61842 |
||